NBA Dream Team losses - Statistics

General Stats
  • This quiz has been taken 16 times
    6 since last reset
  • The average score is 3 of 13
Answer Stats
Competition Score Team % Correct
World Championship 2002 80-87 Argentina
67%
2004 Olympics Games 81-89 Argentina
33%
World Championship 2019 79-89 France
33%
2004 Olympics Games 73-92 Puerto Rico
33%
World Championship 2002 78-81 Yugoslavia
33%
World Championship 2006 95-101 Greece
17%
2004 Olympics Games 90-94 Lithuania
17%
World Championship 2023 104-110 Lithuania
17%
World Championship 2019 89-94 Serbia
17%
World Championship 2002 75-81 Spain
17%
World Championship 2023 118-127 Canada
0%
2020 Olympics Games 83-76 France
0%
World Championship 2023 111-113 Germany
0%
No matching quizzes found
Score Distribution
Percent of People with Each Score
Percentile by Number Answered
Your Score History
You have not taken this quiz since the last reset